Financial Derivatives (Text & Cases) (Record no. 176398)
[ view plain ]
| 000 -LEADER | |
|---|---|
| fixed length control field | 00396nam a22001697a 4500 |
| 005 - DATE AND TIME OF LATEST TRANSACTION | |
| control field | 20251104112909.0 |
| 020 ## - INTERNATIONAL STANDARD BOOK NUMBER | |
| ISBN | 978-93-5271-875-7 |
| 041 ## - LANGUAGE CODE | |
| Language code of text/sound track or separate title | English |
| 082 ## - DEWEY DECIMAL CLASSIFICATION NUMBER | |
| Classification number | 332.6457 R24 YAR |
| 100 ## - MAIN ENTRY--AUTHOR NAME | |
| Personal name | Yaragol.B.Prakash |
| 245 ## - TITLE STATEMENT | |
| Title | Financial Derivatives (Text & Cases) |
| 250 ## - EDITION STATEMENT | |
| Edition statement | 1 |
| 260 ## - PUBLICATION, DISTRIBUTION, ETC. (IMPRINT) | |
| Place of publication | Noida |
| Name of publisher | Vikas Publishing House |
| Year of publication | 2024 |
| 300 ## - PHYSICAL DESCRIPTION | |
| Number of Pages | 427 |
| 365 ## - TRADE PRICE | |
| Price amount | 495.00 |
| 942 ## - ADDED ENTRY ELEMENTS (KOHA) | |
| Koha item type | Books |
| Withdrawn status | Lost status | Home library | Current library | Shelving location | Date acquired | Cost, normal purchase price | Full call number | Accession Number | Cost, replacement price | Department | Koha item type |
|---|---|---|---|---|---|---|---|---|---|---|---|
| PSG-CAS LIBRARY | PSG-CAS LIBRARY | AW ROW 11 RACK 160 SELF 1 | 04/11/2025 | 495.00 | 332.6457 R24 YAR | 152508 | 495.00 | Economics | Books | ||
| PSG-CAS LIBRARY | PSG-CAS LIBRARY | AW ROW 11 RACK 160 SELF 1 | 04/11/2025 | 495.00 | 332.6457 R24 YAR | 152509 | 495.00 | Economics | Books |